| 000 | 00639nam a22001937a 4500 | ||
|---|---|---|---|
| 999 |
_c186048 _d186048 |
||
| 005 | 20220214113652.0 | ||
| 010 | _aENG-131566 | ||
| 020 |
_a9789381234945 _c895.00 |
||
| 035 | _aEN-115098 | ||
| 037 | _bDBAD | ||
| 082 | _a3237.540547 | ||
| 245 |
_aIndia-Pakistan Relations: _bIssues and Emerging Trends/ _cEdited by Sanjay Kumar, Neelam Kumari |
||
| 260 |
_aDelhi _bAnkit Publications _c2021 |
||
| 270 |
_aR-69, 3rd Floor, Model Town-3 _bDelhi _e110009 _mankitpublications@yahoo.co.in |
||
| 300 |
_a291p. _bIndex _c22cm(hbk) |
||
| 700 | _aKumar, Sanjay | ||
| 700 | _aKumari, Neelam | ||
| 942 |
_2ddc _cEN _h327.540547 _mIND |
||